00986nam a2200205 a 450000100100000000500170001000800410002702000180006804000250008610000290011124501240014026000380026430000360030270000520033870000450039095201110043595201110054695201060065799900170076300003803020250128193628.0130312s2012 dr ac 000 0 spa d a9789945006582 aDO-SdBNPbspacBNPHU1 aGonzález, Julio92291310aRepública Dominicana monumental /cJulio González, Marcio Veloz Maggiolo; presentación Edwin Espinal Hernández. aSanto Domingo :bSerigraf,c2012. a395 p. :bil., retrs. ;c31 cm.1 aEspinal Hernández, Edwin,d1971-epres.983961 aVeloz Maggiolo, Marcio,d1936-202191104 0010718DSaGRbGRcCTd2013-03-12iLF1l0o p38030-30r2020-06-25te. 3w2020-06-25yLFDSZNo se presta 0010718PDaPDbPDcCTd2013-03-12iLF1l0o p38030-10r2020-06-25te. 2w2020-06-25yLFPDZNo se presta 00107-18PDaPDbPDcOId2013-03-12iLF1l0o p38030-20r2020-06-25w2020-06-25yLFPDZNo se presta c37520d37520